25 Años de reforma agraria /
שמור ב:
| מחבר תאגידי: | |
|---|---|
| פורמט: | Texto |
| נושאים: | |
| תגים: |
הוספת תג
אין תגיות, היה/י הראשונ/ה לתייג את הרשומה!
|
MARC
| LEADER | 00000 a a2200000 04500 | ||
|---|---|---|---|
| 001 | 45426 | ||
| 003 | |||
| 040 | |||
| 110 | |a Centro de Documentación de Honduras | ||
| 245 | |a 25 Años de reforma agraria / |c Centro de Documentación de Honduras | ||
| 500 | |a Antes se llamaba: ALAI SERVICIO MENSUAL DE INFORMACION Y DOCUMENTACION | ||
| 650 | |a POLITICAS | ||
| 650 | |a REFORMA AGRARIA | ||
| 650 | |a ADMINISTRACION | ||
| 773 | |g volumen11, número97 (Noviembre, 1987), 7-8 | ||
| 999 | |c 32700 |d 32700 | ||
